Gestos: teoría y práctica del teatro hispánico

Guardat en:
Dades bibliogràfiques
Format: Llibre
Idioma:espanyol
Publicat: Irvine University of California 1987
Matèries:
Etiquetes: Afegir etiqueta
Sense etiquetes, Sigues el primer a etiquetar aquest registre!

MARC

LEADER 00000nam a2200000 a 4500
001 UCM8200
003 CL-VaPUC
008 030124e19870000US |||||||||||||||||spa|d
082 0 4 |a 792.015  |b GES  |2 21 
245 1 0 |a Gestos: teoría y práctica del teatro hispánico 
300 |a 206 p 
942 |c BK 
945 |d 20030124 00:00:00  |a cmena 
260 |a Irvine  |b University of California  |c 1987 
500 |a Corresponde a ejemplar de revista: Gestos, Año 2, N§ 3, abril 1987 
650 7 |a TEATRO - HISTORIA Y CRITICA  |2 CL-VaPUC  |9 267443 
650 0 |a Crítica e interpretación literaria  |9 266284 
583 |a last modification  |c 20030124 00:00:00  |k Rodrigo Vera 
999 |c 302778  |d 302776 
952 |0 0  |1 0  |4 0  |6 792_015000000000000_GES_1987  |7 0  |8 A  |9 363514  |a FDOPOS  |b FDOPOS  |d 2019-11-21  |i 387995K  |o 792.015 GES 1987  |p 387995K  |r 2025-01-22  |w 2019-11-21  |y BK  |k MLH